UBT Library

Das verwaltungsverfahren : (Record no. 383)

000 -LEADER
fixed length control field 00654nam a22001817a 4500
008 - FIXED-LENGTH DATA ELEMENTS--GENERAL INFORMATION
fixed length control field 131129b xxu||||| |||| 00| 0 ger d
041 0# - LANGUAGE CODE
Language code of text/sound track or separate title ger
080 ## - UNIVERSAL DECIMAL CLASSIFICATION NUMBER
Universal Decimal Classification number 351.9
100 1# - Rafti
Rafti Halbband, Erster
245 10 - TITLE STATEMENT
Title Das verwaltungsverfahren :
Statement of responsibility, etc Erster Halbband
260 ## -
-- Wien :
-- Druck und Verlag der Osterreichischen Staatsdruckerei ;
-- 1975
300 ## -
-- 1068 f. :
-- 18 cm.
500 ## -
-- Vorwort zur achten auflage : f. VI-VIII
650 #0 -
-- Administrata publike
700 1# -
-- Mannlicher, Egbert
700 1# -
-- Quell, Heimgar
942 ## - ADDED ENTRY ELEMENTS (KOHA)
Source of classification or shelving scheme
Item type Books
Holdings
Withdrawn status Lost status Source of classification or shelving scheme Damaged status Not for loan Collection code Permanent location Current location Shelving location Date acquired Total Checkouts Full call number Barcode Date last seen Price effective from Koha item type
          Koleksioni i përgjithshem UBT - Prishtine UBT - Prishtine Koleksioni i përgjithshem 11/29/2013   351.9 QUE 001-000516 11/29/2013 11/29/2013 Books
UBT Library © 2015-2024. All rights reserved University Education for Business and Technology